000 00703nas a2200241 4500
001 BR8003721
003 BR-BrBNA
005 20231205084338.0
007 ta
008 230509b bl.|||p| |||| 00| 00por d
040 _aBR-BrBNA
_bpor
_cBiblioteca Nacional de Agricultura
041 _a(Pt)
072 _aE70
100 1 _aHann, W.
245 1 _aColza: viabilidade no Rio Grande do Sul [Brassica campetris L.; Brasil]
650 _aComercializacao
650 _aColza
650 _aPreco
650 _aRio Grande do Sul
773 0 _tLavoura Arrozeira (Brazil)
_xISSN 0023-9143
_g(Nov 1980), v. 33(325) p. 69-70
_wBR8003721
909 _a202311
_bLúcia
_c55
_dLúcia Elande
942 _2AGRIS
_n0
_cANA
999 _c104619
_d104619